Ľupčiansky hrad a jeho páni

Bibliographic Details
Main Author: Oravský, Hieronym, 1914-1996 (Author)
Format: Article
Language:Slovak
PhysicalDescription:Obr. 1. Mapa 1.
Subjects:

MARC

LEADER 00000nab a2200000 a 4500
001 vtls000081269
003 SK-MaSNL
005 20260303031755.0
008 111103c1981 xo 0 slo
015 |a SNBRB19rr/mm-uuuuu 
035 |a CL0091370 
040 |a SNKBUCL  |b slo  |c SNKBUCL  |e AACR2 
041 0 |a slo 
044 |a xo  |c SK 
080 |a 728.81  |2 1981 
100 1 |a Oravský, Hieronym,  |d 1914-1996  |4 aut  |9 40172 
245 1 0 |a Ľupčiansky hrad a jeho páni  |c Hieronym Oravský 
300 |b Obr. 1. Mapa 1. 
610 7 |a Ľupčiansky hrad (Slovenská Ľupča, Slovensko)  |2 snkbucl  |9 165070 
650 0 7 |a hrady  |z Slovenská Ľupča (Slovensko)  |2 snkbucl  |9 983989 
651 7 |a 5301  |2 snkbucl  |9 893756 
655 7 |a články z novín a časopisov  |2 snkbucl  |9 267496 
773 0 |t Smer  |g Roč. 33, č. 61 (13. 3. 1981), s. 12 
850 |a Slovenská národná knižnica v Martine  |a MTA001 
852 |a SNK  |b KIS3GCP 
958 |a RK 
992 |a RBX 
999 |c 1660149  |d 1662079